| 000 | 00542nam a2200181 a 4500 | ||
|---|---|---|---|
| 001 | 9289 | ||
| 003 | CO-ViMGA | ||
| 008 | 141112s2004 ck r 000 u spa d | ||
| 040 |
_aCO-ViMGA _bspa _cCO-ViMGA |
||
| 082 | 0 | 4 | _a343 L435 |
| 100 | 1 |
_aLeal Perez ; Hildebrando, _94139 |
|
| 245 | 1 | 0 | _aProcesos y procedimientos mercantiles. |
| 250 | _a2 | ||
| 260 |
_aSantafé de Bogotá : _bLeyes, _c1996 |
||
| 300 | _a812 | ||
| 650 | 1 | 4 |
_aREGISTRO MERCANTIL, SOCIEDADES COMERCIALES, CONTRATO DE ARRENDAMIENTO, TITULOS VALORES. _910012 |
| 942 |
_2ddc _cBK |
||
| 999 |
_c20822 _d20822 |
||